[Event "Titled Tuesday intern op 12th Dec Early"]
[Site "Chess.com INT"]
[Date "2023.12.12"]
[Round "6"]
[White "Yaran, Siar"]
[Black "Pourkashiyan, Atousa"]
[Result "1-0"]
[WhiteElo "2272"]
[BlackElo "2259"]
[PlyCount "41"]
[EventDate "2023.12.12"]
[EventType "swiss (blitz)"]
[EventRounds "11"]
[EventCountry "USA"]
[SourceTitle "CB51_2023"]
[SourceDate "2023.12.20"]
[SourceVersion "1"]
[SourceVersionDate "2023.12.20"]
[SourceQuality "1"]

1. Nf3 d5 2. c4 e6 3. g3 Nf6 4. Bg2 Be7 5. 0-0 d4 6. e3 c5 7. b4 Nc6 8. b5 Nb8 9. exd4 cxd4 10. d3 0-0 11. Nbd2 Nfd7 12. Re1 f6 13. Nb3 e5 14. Nh4 Bb4 15. Bd5+ Kh8 16. Ng6+ hxg6 17. Qg4 Rf7 18. Qxg6 Nf8 19. Qxf7 Nh7 20. Re4 Qf8 21. Qg6 1-0

[Event "Titled Tuesday intern op 05th Sep Early"]
[Site "Chess.com INT"]
[Date "2023.09.05"]
[Round "4"]
[White "Baches Garcia, Guillermo"]
[Black "Yaran, Siar"]
[Result "0-1"]
[WhiteElo "2327"]
[BlackElo "2272"]
[PlyCount "204"]
[EventDate "2023.09.05"]
[EventType "swiss (blitz)"]
[EventRounds "11"]
[EventCountry "USA"]
[SourceTitle "EXT 2024"]
[Source "ChessBase"]
[SourceDate "2023.10.10"]
[SourceVersion "1"]
[SourceVersionDate "2023.10.10"]
[SourceQuality "1"]

1. e4 e5 2. Nf3 Nc6 3. Nc3 Nf6 4. d4 exd4 5. Nxd4 Bb4 6. Nxc6 bxc6 7. Bd3 d5 8. Bd2 0-0 9. 0-0 Bxc3 10. Bxc3 Nxe4 11. Bxe4 dxe4 12. Qh5 Qd5 13. Qh4 Bf5 14. Qg3 Bg6 15. Qxc7 Rfd8 16. a3 Rd7 17. Qf4 Re8 18. h3 h5 19. Kh2 e3 20. fxe3 Bxc2 21. Qg3 Bg6 22. Rf4 Re6 23. Rd4 Qxd4 24. Bxd4 a6 25. Rc1 Rd5 26. Rc5 Rxc5 27. Bxc5 Be4 28. Qf4 Bd5 29. Bd4 Rg6 30. e4 Be6 31. Bc3 Kh7 32. a4 Bb3 33. a5 Bc4 34. g3 Kg8 35. Be5 Re6 36. Qc1 Bd3 37. Qc3 Bxe4 38. Bxg7 Bd5 39. Be5 Rg6 40. Kg1 h4 41. Kf2 hxg3+ 42. Bxg3 Rh6 43. h4 Rh5 44. Qf6 Be6 45. Ke3 Rf5 46. Qd8+ Kh7 47. Bf4 Rb5 48. Qf6 Rf5 49. Qe7 Rxa5 50. b4 Rf5 51. Bg5 a5 52. bxa5 Rxa5 53. Qf8 Kg6 54. Qh6+ Kf5 55. Qf6+ Kg4 56. Qf4+ Kh5 57. Qf3+ Kg6 58. Qf6+ Kh5 59. Qh6+ Kg4 60. Bf6 Rf5 61. Qg7+ Kh5 62. Qh7+ Kg4 63. Qg7+ Kh5 64. Ke4 c5 65. Kd3 c4+ 66. Kc3 Rf3+ 67. Kc2 Rf5 68. Bc3 Rf2+ 69. Kc1 Rf1+ 70. Kd2 Rf2+ 71. Ke1 Rf5 72. Ke2 Kxh4 73. Qd4+ Kh5 74. Qg7 Rg5 75. Qh8+ Kg4 76. Bf6 Rg6 77. Qh4+ Kf5 78. Bc3 Rg4 79. Qf2+ Kg6 80. Qf6+ Kh5 81. Qh8+ Kg5 82. Qf6+ Kh5 83. Qh8+ Kg5 84. Bf6+ Kf5 85. Bc3 Re4+ 86. Kd2 Rg4 87. Qf6+ Ke4 88. Qe5+ Kf3 89. Qe3+ Kg2 90. Qe5 Kh3 91. Ke1 Rg1+ 92. Kf2 Rg2+ 93. Kf3 Bg4+ 94. Kf4 Rf2+ 95. Ke3 Re2+ 96. Kf4 Rxe5 97. Bxe5 Be6 98. Bc3 Kg2 99. Kg5 Kf3 100. Kf6 Ke4 101. Kg5 Kd3 102. Be1 c3 0-1

[Event "Titled Tuesday intern op 29th Aug Late"]
[Site "Chess.com INT"]
[Date "2023.08.29"]
[Round "3"]
[White "Kaplan, Avi Harrison"]
[Black "Yaran, Siar"]
[Result "0-1"]
[WhiteElo "2090"]
[BlackElo "2272"]
[PlyCount "112"]
[EventDate "2023.08.29"]
[EventType "swiss (blitz)"]
[EventRounds "11"]
[EventCountry "USA"]
[SourceTitle "EXT 2024"]
[Source "ChessBase"]
[SourceDate "2023.10.10"]
[SourceVersion "1"]
[SourceVersionDate "2023.10.10"]
[SourceQuality "1"]

1. Nf3 Nf6 2. d3 d5 3. g3 g6 4. Bg2 Bg7 5. 0-0 0-0 6. c4 c6 7. e3 dxc4 8. dxc4 Qxd1 9. Rxd1 Bg4 10. h3 Bxf3 11. Bxf3 Na6 12. Nc3 Rfd8 13. Bd2 Rd7 14. Be1 Rad8 15. Rxd7 Rxd7 16. Rd1 Nb4 17. Rxd7 Nxd7 18. Be4 Nc5 19. Bb1 Nbd3 20. Ne4 Bxb2 21. Nxc5 Nxc5 22. Bb4 Na4 23. Bc2 Nb6 24. Bb3 e6 25. Kf1 Bg7 26. Ke2 Bf8 27. Kd3 Bxb4 28. Ke4 f5+ 29. Ke5 Kf7 30. c5 Nd7+ 31. Kd6 Nxc5 32. Bd1 Ne4+ 33. Kc7 Nxf2 34. Be2 Nxh3 35. Kxb7 Bc5 36. Kxc6 Bxe3 37. Kd6 Kf6 38. Bc4 Ng5 39. a4 Bf2 40. Kd7 Bxg3 41. a5 Be1 42. Bf1 Bxa5 43. Kc6 Bb6 44. Kb5 h5 45. Kc4 Ke5 46. Kb3 Kf4 47. Be2 Ke3 48. Bd1 h4 49. Bc2 h3 50. Kb2 h2 51. Kb1 h1Q+ 52. Kb2 Bd4+ 53. Kb3 Qb7+ 54. Ka4 Bc5 55. Ka5 Qb6+ 56. Ka4 Qb4# 0-1

[Event "Titled Tuesday intern op 29th Aug Late"]
[Site "Chess.com INT"]
[Date "2023.08.29"]
[Round "4"]
[White "Yaran, Siar"]
[Black "Asish, Panda"]
[Result "0-1"]
[WhiteElo "2272"]
[BlackElo "1731"]
[PlyCount "60"]
[EventDate "2023.08.29"]
[EventType "swiss (blitz)"]
[EventRounds "11"]
[EventCountry "USA"]
[SourceTitle "EXT 2024"]
[Source "ChessBase"]
[SourceDate "2023.10.10"]
[SourceVersion "1"]
[SourceVersionDate "2023.10.10"]
[SourceQuality "1"]

1. d4 d5 2. c4 e6 3. Nc3 Nf6 4. Bg5 Be7 5. Nf3 0-0 6. e3 Ne4 7. Bxe7 Qxe7 8. Rc1 c6 9. Bd3 f5 10. 0-0 Nd7 11. Qc2 Ndf6 12. Ne5 Bd7 13. f3 Nxc3 14. Qxc3 Be8 15. b4 Rc8 16. c5 Nd7 17. a4 Nxe5 18. dxe5 f4 19. e4 a6 20. Rfd1 Bg6 21. b5 axb5 22. axb5 dxe4 23. Bxe4 Bxe4 24. fxe4 cxb5 25. Rd6 Qg5 26. Rf1 f3 27. g3 Qh5 28. Rxe6 Qh3 29. Rxf3 Rxf3 30. Qxf3 Qxe6 0-1

[Event "Titled Tuesday intern op 08th Aug Early"]
[Site "Chess.com INT"]
[Date "2023.08.08"]
[Round "6"]
[White "Bernadskiy, Vitaliy"]
[Black "Yaran, Siar"]
[Result "1/2-1/2"]
[WhiteElo "2530"]
[BlackElo "2272"]
[PlyCount "148"]
[EventDate "2023.08.08"]
[EventType "swiss (blitz)"]
[EventRounds "11"]
[EventCountry "USA"]
[SourceTitle "EXT 2024"]
[Source "ChessBase"]
[SourceDate "2023.10.10"]
[SourceVersion "1"]
[SourceVersionDate "2023.10.10"]
[SourceQuality "1"]

1. d4 Nf6 2. c4 e6 3. g3 d5 4. Bg2 Be7 5. Nf3 0-0 6. 0-0 dxc4 7. Qc2 a6 8. a4 Bd7 9. Qxc4 Bc6 10. Bg5 Bd5 11. Qd3 Be4 12. Qb3 Nc6 13. e3 Na5 14. Qd1 c5 15. Nbd2 Bc6 16. dxc5 Bxc5 17. Qc2 Be7 18. Rfd1 Rc8 19. Qb1 Qb6 20. Bf4 Rfd8 21. Be5 Nb3 22. Nxb3 Qxb3 23. Nd4 Qb6 24. a5 Qc5 25. Nxc6 bxc6 26. Rxd8+ Rxd8 27. Bd4 Qb5 28. Bf1 Qb7 29. Bb6 Rd7 30. e4 Bd8 31. Be3 c5 32. f3 Be7 33. Qc2 h5 34. b3 h4 35. Rd1 Rxd1 36. Qxd1 Qb4 37. Qd2 Qb8 38. Kf2 hxg3+ 39. hxg3 Nh5 40. f4 Nf6 41. Kf3 Qb7 42. Qd3 Ne8 43. Qxa6 Qxb3 44. Qc8 Kf8 45. a6 Qd1+ 46. Be2 Qh1+ 47. Kf2 Qh2+ 48. Ke1 Qxg3+ 49. Kd2 c4 50. a7 Bb4+ 51. Kc2 Qxe3 52. Qxe8+ Kxe8 53. a8Q+ Ke7 54. Qb7+ Kf6 55. e5+ Kg6 56. Bh5+ Kxh5 57. Qxf7+ Kh6 58. Qxe6+ g6 59. Qxc4 Qd2+ 60. Kb3 Be7 61. Qf7 Qb4+ 62. Kc2 Qc5+ 63. Kd3 Qb5+ 64. Ke4 Qc6+ 65. Ke3 Bc5+ 66. Kd3 Qb5+ 67. Ke4 Qb1+ 68. Kf3 Qd3+ 69. Kg4 Qe2+ 70. Kh3 Bf2 71. Qf8+ Kh7 72. Qf7+ Kh6 73. Qf8+ Kh7 74. Qf7+ Kh6 1/2-1/2

[Event "Titled Tuesday intern op 08th Aug Early"]
[Site "Chess.com INT"]
[Date "2023.08.08"]
[Round "2"]
[White "Fedoseev, Vladimir1111"]
[Black "Yaran, Siar"]
[Result "1-0"]
[WhiteElo "2676"]
[BlackElo "2272"]
[PlyCount "115"]
[EventDate "2023.08.08"]
[EventType "swiss (blitz)"]
[EventRounds "11"]
[EventCountry "USA"]
[SourceTitle "EXT 2024"]
[Source "ChessBase"]
[SourceDate "2023.10.10"]
[SourceVersion "1"]
[SourceVersionDate "2023.10.10"]
[SourceQuality "1"]

1. Nf3 Nf6 2. g3 e6 3. Bg2 d5 4. 0-0 Be7 5. c4 0-0 6. d3 b6 7. cxd5 Nxd5 8. a3 Bb7 9. b4 a5 10. b5 a4 11. Bb2 c6 12. bxc6 Nxc6 13. e4 Nf6 14. Nc3 b5 15. Nxb5 Qb6 16. Rb1 Na5 17. Qxa4 Nd7 18. Qd4 Qxd4 19. Bxd4 Rfc8 20. Ne5 Nxe5 21. Bxe5 Ba6 22. Nc7 Bxd3 23. Nxa8 Rxa8 24. a4 Bxb1 25. Rxb1 Nc6 26. Bc7 Ra7 27. e5 Rxc7 28. Rc1 Bd8 29. Bxc6 Kf8 30. Rd1 Ke7 31. Bb5 f6 32. exf6+ gxf6 33. Rd4 Ra7 34. Rh4 Kd6 35. Kg2 Bb6 36. Rh6 Ke5 37. h4 f5 38. Bc4 Re7 39. Kf3 Kd6 40. Ke2 Ke5 41. f4+ Kd6 42. Kf3 Bc7 43. g4 fxg4+ 44. Kxg4 Rg7+ 45. Kf3 Re7 46. f5 Ke5 47. Rxe6+ Rxe6 48. fxe6 Bd8 49. a5 Kd6 50. a6 Bb6 51. Kg4 h6 52. Kh5 Be3 53. Kg6 Ke7 54. h5 Ke8 55. Kf6 Bd4+ 56. Kf5 Ke7 57. Ke4 Ba7 58. Kd5 1-0

[Event "Titled Tuesday intern op 08th Aug Early"]
[Site "Chess.com INT"]
[Date "2023.08.08"]
[Round "10"]
[White "Yaran, Siar"]
[Black "Ibarra Jerez, Jose Carlos"]
[Result "1-0"]
[WhiteElo "2272"]
[BlackElo "2563"]
[PlyCount "81"]
[EventDate "2023.08.08"]
[EventType "swiss (blitz)"]
[EventRounds "11"]
[EventCountry "USA"]
[SourceTitle "EXT 2024"]
[Source "ChessBase"]
[SourceDate "2023.10.10"]
[SourceVersion "1"]
[SourceVersionDate "2023.10.10"]
[SourceQuality "1"]

1. e4 c5 2. Nf3 e6 3. Nc3 a6 4. d4 cxd4 5. Nxd4 b5 6. Bd3 Qb6 7. Nb3 Qc7 8. 0-0 Bb7 9. Re1 Be7 10. a3 Nc6 11. Be3 Nf6 12. f4 d6 13. Qe2 0-0 14. Rad1 Rac8 15. g4 Rfe8 16. g5 Nd7 17. Bf2 Nb6 18. Qh5 Nc4 19. Bxc4 bxc4 20. Nd2 Bf8 21. Re3 g6 22. Qh4 d5 23. exd5 Ne7 24. Nde4 Bg7 25. d6 Nf5 26. dxc7 Nxh4 27. Nd6 Nf5 28. Nxe8 Nxe3 29. Bxe3 Bf8 30. Rd8 Be7 31. Rxc8 Bxc8 32. Ne4 Kf8 33. N8d6 Bd7 34. c8Q+ Bxc8 35. Nxc8 Bd8 36. Bc5+ Kg7 37. Ncd6 Ba5 38. Ne8+ Kg8 39. c3 Bd8 40. N4f6+ Kh8 41. Bf8 1-0

[Event "Titled Tuesday intern op 08th Aug Early"]
[Site "Chess.com INT"]
[Date "2023.08.08"]
[Round "7"]
[White "Yaran, Siar"]
[Black "Pranav, Anand"]
[Result "1-0"]
[WhiteElo "2272"]
[BlackElo "2529"]
[PlyCount "83"]
[EventDate "2023.08.08"]
[EventType "swiss (blitz)"]
[EventRounds "11"]
[EventCountry "USA"]
[SourceTitle "EXT 2024"]
[Source "ChessBase"]
[SourceDate "2023.10.10"]
[SourceVersion "1"]
[SourceVersionDate "2023.10.10"]
[SourceQuality "1"]

1. e4 e5 2. f4 exf4 3. Nf3 Nf6 4. e5 Nh5 5. d4 g6 6. Nc3 d6 7. Qe2 d5 8. Bd2 Be6 9. 0-0-0 c6 10. Kb1 Be7 11. Qf2 Nd7 12. Ne2 g5 13. h4 g4 14. Ng5 Bxg5 15. hxg5 Qxg5 16. g3 0-0-0 17. gxf4 Qg6 18. Rxh5 Qxh5 19. Ng3 Qh4 20. Bd3 h5 21. Rh1 Qe7 22. f5 h4 23. Ne2 Rdg8 24. Nf4 Nf8 25. fxe6 fxe6 26. a3 Qf7 27. Qg2 Kb8 28. b4 Nd7 29. b5 c5 30. c4 cxd4 31. cxd5 Nxe5 32. dxe6 Qf8 33. Qe4 Nxd3 34. Qxd3 Qd6 35. Rf1 Ka8 36. Bb4 Qe5 37. e7 h3 38. Ng6 Rxg6 39. Qxg6 Rb8 40. Re1 Qxb5 41. e8Q Qxe8 42. Rxe8 1-0

[Event "Titled Tuesday intern op 25th Jul Early"]
[Site "Chess.com INT"]
[Date "2023.07.25"]
[Round "5"]
[White "Tristan, Leonardo"]
[Black "Yaran, Siar"]
[Result "0-1"]
[WhiteElo "2526"]
[BlackElo "2288"]
[PlyCount "132"]
[EventDate "2023.07.25"]
[EventType "swiss (blitz)"]
[EventRounds "11"]
[EventCountry "USA"]
[SourceTitle "EXT 2024"]
[Source "ChessBase"]
[SourceDate "2023.10.10"]
[SourceVersion "1"]
[SourceVersionDate "2023.10.10"]
[SourceQuality "1"]

1. d4 Nf6 2. Nf3 e6 3. Bf4 d5 4. e3 Bd6 5. Nbd2 0-0 6. c3 c5 7. Bd3 b6 8. Qe2 Bb7 9. 0-0 Nc6 10. Bxd6 Qxd6 11. e4 dxe4 12. Nxe4 Nxe4 13. Qxe4 g6 14. dxc5 Qxc5 15. Qh4 Kg7 16. Rfe1 Rad8 17. Be4 Rd6 18. Qf4 Rfd8 19. Ng5 f5 20. Bxc6 Qxc6 21. Qe5+ Kg8 22. f3 Re8 23. Rad1 Rd5 24. Qf6 Qd7 25. Rxd5 Bxd5 26. b3 b5 27. Rd1 Qg7 28. Qxg7+ Kxg7 29. Rd4 Rc8 30. Rd3 h6 31. Nh3 g5 32. Nf2 Kf6 33. Nd1 Rc7 34. Ne3 Bb7 35. Nc2 a6 36. Kf2 e5 37. Ke1 Ke6 38. Kd2 Rd7 39. Nb4 e4 40. Rxd7 Kxd7 41. Ke3 exf3 42. gxf3 f4+ 43. Kf2 Kd6 44. Nc2 Ke5 45. Nd4 h5 46. h3 b4 47. Ne2 bxc3 48. Nxc3 Kd4 49. Na4 Bc6 50. Nb6 Kc3 51. Nc4 Bd7 52. Ne5 Bxh3 53. Nc6 g4 54. fxg4 hxg4 55. Nb8 a5 56. Nc6 Kd3 57. Nxa5 Ke4 58. Nc4 g3+ 59. Kg1 f3 60. Nd2+ Kf4 61. Nxf3 Kxf3 62. a4 Bd7 63. a5 Bb5 64. b4 Ba6 65. Kh1 Kf2 66. b5 Bb7# 0-1

[Event "Titled Tuesday intern op 25th Jul Early"]
[Site "Chess.com INT"]
[Date "2023.07.25"]
[Round "6"]
[White "Yaran, Siar"]
[Black "Bachmann, Axel"]
[Result "1-0"]
[WhiteElo "2288"]
[BlackElo "2604"]
[PlyCount "85"]
[EventDate "2023.07.25"]
[EventType "swiss (blitz)"]
[EventRounds "11"]
[EventCountry "USA"]
[SourceTitle "EXT 2024"]
[Source "ChessBase"]
[SourceDate "2023.10.10"]
[SourceVersion "1"]
[SourceVersionDate "2023.10.10"]
[SourceQuality "1"]

1. d4 g6 2. c4 Bg7 3. Nc3 d6 4. e4 e5 5. Nf3 exd4 6. Nxd4 Nc6 7. Nxc6 bxc6 8. Be2 Ne7 9. 0-0 Rb8 10. Qc2 0-0 11. Rd1 c5 12. Be3 Bd7 13. Rab1 Nc6 14. Bf1 Nd4 15. Qd2 f5 16. Bg5 Qe8 17. exf5 Bxf5 18. Rbc1 Qf7 19. b3 Bd7 20. Nd5 Bc6 21. Ne7+ Kh8 22. Nxc6 Nxc6 23. Re1 Rbe8 24. Rxe8 Rxe8 25. Re1 Ne5 26. Re3 Rf8 27. Qe1 h6 28. Bh4 Qf5 29. Bg3 Qc2 30. Re2 Qf5 31. Re3 Rf7 32. h3 g5 33. Qd2 a6 34. Qd5 h5 35. h4 gxh4 36. Bxh4 Qg6 37. Rg3 Qf5 38. Rg5 Qf4 39. Rxh5+ Kg8 40. Bg3 Qc1 41. Rf5 c6 42. Qe6 Qe1 43. Bxe5 1-0

[Event "Titled Tuesday intern op 25th Jul Early"]
[Site "Chess.com INT"]
[Date "2023.07.25"]
[Round "3"]
[White "Yaran, Siar"]
[Black "Kravtsiv, Martyn"]
[Result "0-1"]
[WhiteElo "2288"]
[BlackElo "2598"]
[PlyCount "84"]
[EventDate "2023.07.25"]
[EventType "swiss (blitz)"]
[EventRounds "11"]
[EventCountry "USA"]
[SourceTitle "EXT 2024"]
[Source "ChessBase"]
[SourceDate "2023.10.10"]
[SourceVersion "1"]
[SourceVersionDate "2023.10.10"]
[SourceQuality "1"]

1. d4 d5 2. c4 e6 3. Nc3 Nf6 4. Bg5 Nbd7 5. e3 Bb4 6. Nf3 c5 7. Bd3 Qa5 8. 0-0 cxd4 9. exd4 dxc4 10. Bxc4 0-0 11. Qd3 h6 12. Bd2 Nb6 13. Bb3 Nbd5 14. a3 Bxc3 15. bxc3 Qc7 16. c4 Nf4 17. Qe3 Ng6 18. Ne5 Nxe5 19. dxe5 Nd7 20. Bb4 Qxe5 21. Qxe5 Nxe5 22. Bxf8 Kxf8 23. Rad1 Ke7 24. f4 Nd7 25. f5 Nc5 26. Bc2 b6 27. Rfe1 Ba6 28. Rd4 Rc8 29. Kf2 Kf6 30. g4 Rc7 31. Kg3 Nd7 32. fxe6 fxe6 33. Rf4+ Ke7 34. Bg6 Nf6 35. h4 Rxc4 36. Rxc4 Bxc4 37. g5 hxg5 38. hxg5 Nd5 39. Rh1 e5 40. Rh7 Nf4 41. Rxg7+ Kf8 42. Rf7+ Bxf7 0-1

[Event "Titled Tuesday intern op 28th Feb Early"]
[Site "Chess.com INT"]
[Date "2023.02.28"]
[Round "3"]
[White "Livaic, Leon"]
[Black "Yaran, Siar"]
[Result "0-1"]
[WhiteElo "2571"]
[BlackElo "2288"]
[PlyCount "98"]
[EventDate "2023.02.28"]
[EventType "swiss (blitz)"]
[EventRounds "11"]
[EventCountry "USA"]
[SourceTitle "CBM 213 Extra"]
[Source "ChessBase"]
[SourceDate "2023.05.31"]
[SourceVersion "1"]
[SourceVersionDate "2023.05.31"]
[SourceQuality "1"]

1. d4 Nf6 2. Bg5 Ne4 3. Bf4 f6 4. e3 Nc6 5. Bd3 d5 6. Nf3 Bg4 7. h3 Bh5 8. Bh2 e5 9. g4 Bg6 10. dxe5 fxe5 11. Bb5 Bc5 12. Bxc6+ bxc6 13. 0-0 0-0 14. Nc3 Nxc3 15. bxc3 e4 16. Ne5 Bd6 17. Nxg6 hxg6 18. f4 exf3 19. Rxf3 Bxh2+ 20. Kxh2 Qd6+ 21. Kg2 Rxf3 22. Qxf3 Rf8 23. Qe2 Qe5 24. Rf1 Qxc3 25. Rxf8+ Kxf8 26. e4 d4 27. e5 Qc5 28. Qe4 Qd5 29. Kf3 Ke7 30. Kf4 g5+ 31. Kf3 Ke6 32. a3 Qxe4+ 33. Kxe4 c5 34. a4 a5 35. c4 dxc3 36. Kd3 Kxe5 37. Kxc3 Kd5 38. Kd3 c4+ 39. Kc3 Kc5 40. Kc2 Kd4 41. Kb2 c3+ 42. Kc2 Kc4 43. Kc1 Kd3 44. Kd1 c2+ 45. Kc1 c6 46. h4 gxh4 47. g5 h3 48. g6 h2 49. Kb2 h1Q 0-1

[Event "Titled Tuesday intern op 28th Feb Early"]
[Site "Chess.com INT"]
[Date "2023.02.28"]
[Round "1"]
[White "Yaran, Siar"]
[Black "Kiseljova, Marya"]
[Result "1-0"]
[WhiteElo "2288"]
[BlackElo "2031"]
[PlyCount "77"]
[EventDate "2023.02.28"]
[EventType "swiss (blitz)"]
[EventRounds "11"]
[EventCountry "USA"]
[SourceTitle "CBM 213 Extra"]
[Source "ChessBase"]
[SourceDate "2023.05.31"]
[SourceVersion "1"]
[SourceVersionDate "2023.05.31"]
[SourceQuality "1"]

1. d4 e6 2. c4 Nf6 3. Nc3 Bb4 4. e3 0-0 5. Bd3 Re8 6. Nf3 Bxc3+ 7. bxc3 d6 8. 0-0 Nbd7 9. e4 e5 10. Re1 h6 11. h3 c6 12. Nh4 Nf8 13. Qf3 Qa5 14. Bb2 Be6 15. c5 dxc5 16. dxe5 N6d7 17. c4 Qa4 18. Nf5 Bxc4 19. Bxc4 Qxc4 20. Nd6 Qe6 21. Nxe8 Rxe8 22. Rab1 b6 23. Qa3 a5 24. f4 f6 25. exf6 Nxf6 26. f5 Qe7 27. e5 Nd5 28. e6 Nh7 29. Qg3 Nhf6 30. Rbd1 Kh8 31. Rd3 c4 32. Rf3 b5 33. Qg6 b4 34. Be5 c3 35. Rg3 Rg8 36. Rd3 a4 37. g4 b3 38. axb3 axb3 39. g5 1-0

[Event "Titled Tuesday intern op 07th Feb Early"]
[Site "Chess.com INT"]
[Date "2023.02.07"]
[Round "4"]
[White "Yaran, Siar"]
[Black "Nikologorsky, Matfei"]
[Result "1-0"]
[WhiteElo "2288"]
[BlackElo "2182"]
[PlyCount "63"]
[EventDate "2023.02.07"]
[EventType "swiss (blitz)"]
[EventRounds "11"]
[EventCountry "USA"]
[SourceTitle "EXT 2024"]
[Source "ChessBase"]
[SourceDate "2023.10.10"]
[SourceVersion "1"]
[SourceVersionDate "2023.10.10"]
[SourceQuality "1"]

1. d4 Nf6 2. c4 e6 3. Nc3 Bb4 4. e3 d5 5. a3 Bxc3+ 6. bxc3 0-0 7. cxd5 exd5 8. Bd3 Re8 9. Ne2 Nbd7 10. 0-0 Ne4 11. f3 Nd6 12. Ng3 Nf6 13. Ra2 h5 14. Re2 h4 15. Nh1 Bd7 16. Nf2 Bb5 17. e4 dxe4 18. fxe4 Bxd3 19. Qxd3 Nh7 20. e5 Qe7 21. Re3 Nc8 22. Ne4 Nb6 23. Rh3 Rad8 24. Qf3 Nc4 25. g3 g5 26. gxh4 gxh4 27. Kh1 Kh8 28. Qh5 Rg8 29. Nf6 Rg7 30. Rxh4 Nxe5 31. Qxh7+ Rxh7 32. Rxh7# 1-0